| Tag |
First Indicator |
Second Indicator |
Subfields |
| LEADER |
00000cam a2200000 a 4500 |
| 001 |
in00002017355 |
| 005 |
20151031144806.0 |
| 008 |
931214s1989 maua b 000 0 eng d |
| 035 |
|
|
|a (OCoLC)ocm29489827
|
| 040 |
|
|
|a RIN
|c RIN
|d OCLCQ
|d TXA
|d UtOrBLW
|
| 049 |
|
|
|a TXAM
|
| 090 |
|
|
|a GC1
|b .W582 no.89-56
|
| 100 |
1 |
|
|a Montgomery, Ellyn T.
|
| 245 |
1 |
0 |
|a Report on Sediment TRansport Events on Shelf and Slope (STRESS) field season 1 :
|b Winter 1988-1989 Benthic Acoustic Stress Sensor (BASS) component /
|c by Ellyn T. Montgomery, C.V.R. Dunn, A.J. Williams 3rd.
|
| 264 |
|
1 |
|a Woods Hole, Mass. :
|b Woods Hole Oceanographic Institution,
|c 1989.
|
| 300 |
|
|
|a iii, 31 leaves :
|b illustrations ;
|c 28 cm.
|
| 336 |
|
|
|a text
|b txt
|2 rdacontent
|
| 337 |
|
|
|a unmediated
|b n
|2 rdamedia
|
| 338 |
|
|
|a volume
|b nc
|2 rdacarrier
|
| 490 |
1 |
|
|a Woods Hole, Mass. Oceanographic Institution ;
|v Reference no. 89-56.
|a Technical report
|
| 504 |
|
|
|a Includes bibliographical references.
|
| 610 |
2 |
0 |
|a Sediment Transport Events on Shelf and Slope.
|
| 650 |
|
0 |
|a Sediment transport.
|
| 700 |
1 |
|
|a Dunn, Christopher V. R.
|
| 700 |
1 |
|
|a Williams, Albert J.
|
| 710 |
2 |
|
|a Woods Hole Oceanographic Institution.
|
| 830 |
|
0 |
|a Woods Hole Oceanographic Institution (Series) ;
|v no. 89-56.
|
| 830 |
|
0 |
|a Technical report (Woods Hole Oceanographic Institution)
|
| 948 |
|
|
|a cataloged
|b h
|c 2004/12/2
|d c
|e dmitchel
|f 8:40:20 am
|
| 994 |
|
|
|a E0
|b TXA
|
| 999 |
|
|
|a MARS
|
| 999 |
f |
f |
|s c69cea83-991d-39a2-bbdc-822c9c33a46d
|i 6e3ec3e0-31a9-3c78-8899-3cbb4093a368
|t 0
|
| 952 |
f |
f |
|p ric
|a Texas A&M University
|b Rellis Campus
|c Joint Library Facility
|d Remote Storage
|t 0
|e GC1 .W582 no.89-56
|h Library of Congress classification
|i unmediated -- volume
|m A14831639017
|
| 998 |
f |
f |
|a GC1 .W582 no.89-56
|t 0
|l Remote Storage
|